Corso di diritto penale

সংরক্ষণ করুন:
গ্রন্থ-পঞ্জীর বিবরন
প্রধান লেখক: Marinucci, Giorgio (autor), Dolcini, Emilio (Author)
বিন্যাস: গ্রন্থ
ভাষা:ইতালিয়
প্রকাশিত: Milán Giuffrè 2001
সংস্করন:3a. ed
বিষয়গুলি:
ট্যাগগুলো: ট্যাগ যুক্ত করুন
কোনো ট্যাগ নেই, প্রথমজন হিসাবে ট্যাগ করুন!

MARC

LEADER 00000nam a2200000 a 4500
001 UCL9653
003 CL-VaPUC
008 040820e20010000IT |||||||||||||||||ita|d
020 |a 8814085862v.1 
082 0 4 |a 345.45  |b MAR  |2 21 
100 |a Marinucci, Giorgio  |e autor  |9 487553 
700 0 |a Dolcini, Emilio  |e author  |9 487554 
245 1 0 |a Corso di diritto penale 
250 |a 3a. ed 
300 |a v 
942 |c BK 
945 |d 20040820 00:00:00  |a cmena 
260 |a Milán  |b Giuffrè  |c 2001 
500 |a v.1: Le norme penali: fonti e limiti di applicabilità 
500 |a Il reato: nozione, struttura e sistematica 
650 7 |a DERECHO PENAL  |2 CL-VaPUC  |9 11 
650 0 |a Fuentes del derecho   |9 255162 
650 0 |a Derecho natural   |9 255041 
650 0 |a Poder judicial  |9 254871 
650 0 |a Filosofía del derecho   |9 255050 
650 0 |a Delitos  |9 224143 
651 0 |a Italia  |9 254949 
583 |a last modification  |c 20040820 00:00:00  |k Rodrigo Vera 
999 |c 310370  |d 310368 
952 |0 0  |1 0  |4 0  |6 345_450000000000000_MAR_2001  |7 0  |8 A  |9 378703  |a BIBDER  |b BIBDER  |d 2019-11-21  |h v.1  |i 4049004  |o 345.45 MAR 2001  |p 4049004  |r 2023-01-25  |w 2019-11-21  |y BK  |k DER